Państwa, przez które przepływa Niger - Statystyki

Ogólne statystyki
  • Ten quiz został rozwiązany 53 razy
  • Średni wynik to 4 z 5
Statystyki odpowiedzi
Państwa % Poprawnych
Niger
100%
Nigeria
100%
Mali
94%
Benin
80%
Gwinea
62%
Nie znaleziono quizów pasujących do podanych kryteriów
Rozkład punktacji
Procent ludzi z każdym wynikiem
Percentyl według liczby udzielonych odpowiedzi
Twoja historia wyników
Nie rozwiązałeś tego quizu